Kónický mlyn partikulárnych látok

Gespeichert in:
Bibliographische Detailangaben
1. Verfasser: Čabák, Matúš (Verfasst von)
Weitere Verfasser: Macho, Oliver (Betreuung Doktorarbeit)
Format: Manuskript Buch
Sprache:Slowakisch
Veröffentlicht: 2020
Schlagworte:
Online-Zugang:http://is.stuba.sk/zp/portal_zp.pl?podrobnosti=150514
Tags: Tag hinzufügen
Keine Tags, Fügen Sie das erste Tag hinzu!

MARC

LEADER 00000ntm a22000003a 4500
001 stuzp76778
003 SK-STU
005 20200711210337.4
007 ta
008 150427s2015----xo-----f-mn---000-0-slo-d
040 |a STU  |b slo 
041 0 |a slo 
100 1 |a Čabák, Matúš  |u 020040  |k Z4  |4 aut  |U SjF Strojnícka fakulta  |T SjF Ústav procesného inžinierstva  |X 81340  |U J0040  |Y 807  |7 81340 
242 0 1 |a Conical mill of powders  |y eng 
245 1 0 |a Kónický mlyn partikulárnych látok 
260 |c 2020 
650 4 |a mills  |2 eng 
650 4 |a grinding  |2 eng 
650 4 |a particulate matter  |2 eng 
650 4 |a mlyny  |2 slo 
650 4 |a partikulárna látka  |2 slo 
650 4 |a mletie  |2 slo 
700 1 |a Macho, Oliver  |u 020040  |k Z1  |4 ths  |U SjF Strojnícka fakulta  |T SjF Ústav procesného inžinierstva  |X 68426  |U J0040  |Y 807  |7 A000068426 
856 4 |u http://is.stuba.sk/zp/portal_zp.pl?podrobnosti=150514 
996 |b 284J046415  |c J* 3205/DDP  |l JJSK  |s A  |a 24  |w stuzp76778_0001